Films des Studio Ghibli - Statistiques

Statistiques générales
  • Ce quiz a été pris 531 fois
  • Le résultat moyen est 13 sur 23
Statistiques - réponses
Hint Réponse % Correct
2004 Le Château ambulant
94%
1986 Le château dans le ciel
91%
2001 Le voyage de Chihiro
91%
1988 Mon voisin Totoro
91%
1997 Princesse Mononoké
86%
1989 Kiki la petite sorcière
79%
2008 Ponyo sur la falaise
78%
1992 Porco Rosso
73%
1988 Le tombeau des lucioles
70%
2013 Le vent se lève
69%
2002 Le royaume des chats
64%
2011 La Colline aux coquelicots
59%
1994 Pompoko
56%
1995 Si tu tends l'oreille
48%
2014 Souvenirs de Marnie
47%
2006 Les Contes de Terremer
43%
1999 Mes voisins les Yamada
37%
2013 Le Conte de la princesse Kaguya
35%
2016 La Tortue rouge
33%
1991 Souvenirs goutte à goutte
30%
1993 Je peux entendre l'océan
29%
2020 Aya et la sorcière
26%
2010 Arriety, le petit monde des chapardeurs
11%
Aucun quiz correspondant
Distribution des résultats
% des personnes avec chaque résultat
Percentile par nombre de réponses
Votre historique - résultats
Vous n’avez pas pris ce quiz